THE OLD MAN AND HIS GOD (Record no. 6894)
[ view plain ]
| 000 -LEADER | |
|---|---|
| fixed length control field | 00646nam a22001577a 4500 |
| 020 ## - INTERNATIONAL STANDARD BOOK NUMBER | |
| ISBN | 978-0-144-00101-9 |
| 082 ## - DEWEY DECIMAL CLASSIFICATION NUMBER | |
| Classification number | 823 |
| Item number | MUR/O |
| 100 ## - MAIN ENTRY--AUTHOR NAME | |
| Personal name | MURTY, SUDHA |
| 245 ## - TITLE STATEMENT | |
| Title | THE OLD MAN AND HIS GOD |
| 250 ## - EDITION STATEMENT | |
| Edition statement | |
| 260 ## - PUBLICATION, DISTRIBUTION, ETC. (IMPRINT) | |
| Place of publication | USA |
| Name of publisher | PENGUIN BOOKS |
| 300 ## - PHYSICAL DESCRIPTION | |
| Number of Pages | 131 |
| 520 ## - SUMMARY, ETC. | |
| Summary, etc | The Old Man And His God is a collection of short 25 real-life stories. During her career life and as a social worker, Sudha Murthy, meets several people with different backgrounds. Several small incidents of day-to-day life teach Sudha Murthy lots of subtle things which she has whole-heartedly shared with her readers. |
| 650 ## - SUBJECT ADDED ENTRY--TOPICAL TERM | |
| Topical Term | ENGLISH STORY |
| Geographic subdivision | USA |
| 942 ## - ADDED ENTRY ELEMENTS (KOHA) | |
| Koha item type | Books |
| Withdrawn status | Lost status | Collection code | Home library | Current library | Shelving location | Date acquired | Source of acquisition | Cost, normal purchase price | Full call number | Accession Number | Koha item type |
|---|---|---|---|---|---|---|---|---|---|---|---|
| Fiction | Main Library | Main Library | NEW SHELF WITH NEW ENTRY | 05/10/2023 | PURCHASE | 250.00 | 823 MUR/O | 12962 | Books |